<?xml version="1.0" encoding="UTF-8"?>
<record
    xmlns:xsi="http://www.w3.org/2001/XMLSchema-instance"
    xsi:schemaLocation="http://www.loc.gov/MARC21/slim http://www.loc.gov/standards/marcxml/schema/MARC21slim.xsd"
    xmlns="http://www.loc.gov/MARC21/slim">

  <leader>01712nam a2200229 a 4500</leader>
  <controlfield tag="001">000032881</controlfield>
  <controlfield tag="003">OSt</controlfield>
  <controlfield tag="005">20240409073643.0</controlfield>
  <controlfield tag="008">110801t1956    dr            001 0bspa d</controlfield>
  <datafield tag="040" ind1=" " ind2=" ">
    <subfield code="a">DO-SdBNP</subfield>
    <subfield code="b">spa</subfield>
    <subfield code="c">BNPHU</subfield>
  </datafield>
  <datafield tag="049" ind1=" " ind2=" ">
    <subfield code="a">BNPD</subfield>
  </datafield>
  <datafield tag="082" ind1="7" ind2="4">
    <subfield code="a">923.17293</subfield>
    <subfield code="b">T866g</subfield>
    <subfield code="2">22</subfield>
  </datafield>
  <datafield tag="100" ind1="1" ind2=" ">
    <subfield code="a">Gonz&#xE1;lez Herrera, Julio,</subfield>
    <subfield code="d">1902-</subfield>
    <subfield code="9">58655</subfield>
  </datafield>
  <datafield tag="245" ind1="1" ind2="0">
    <subfield code="a">Trujillo genio pol&#xED;tico /</subfield>
    <subfield code="c">Julio Gonz&#xE1;lez Herrera.</subfield>
  </datafield>
  <datafield tag="260" ind1=" " ind2=" ">
    <subfield code="a">Ciudad Trujillo, Rep&#xFA;blica Dominicana :</subfield>
    <subfield code="b">Editora del Caribe,</subfield>
    <subfield code="c">1956.</subfield>
  </datafield>
  <datafield tag="300" ind1=" " ind2=" ">
    <subfield code="a">361 p. ;</subfield>
    <subfield code="c">23 cm.</subfield>
  </datafield>
  <datafield tag="505" ind1="0" ind2=" ">
    <subfield code="t">Pensamiento de Trujillo --</subfield>
    <subfield code="t">Acci&#xF3;n de Trujillo --</subfield>
    <subfield code="t">Nuestro confuso pasado hist&#xF3;rico --</subfield>
    <subfield code="t">El Jefe llega y el orden sucede al desorden --</subfield>
    <subfield code="t">Independencia financiera --</subfield>
    <subfield code="t">Nuevos reg&#xED;menes financiero y fiscal --</subfield>
    <subfield code="t">Organizaci&#xF3;n pol&#xED;tica y administrativa --</subfield>
    <subfield code="t">El Partido Dominicano --</subfield>
    <subfield code="t">Sistema educativo racional --</subfield>
    <subfield code="t">Fuerzas Armadas de la Rep&#xFA;blica Dominicana --</subfield>
    <subfield code="t">Modernos servicios de sanidad y de asistencia social --</subfield>
    <subfield code="t">Implantaci&#xF3;n del moderno Derecho del Trabajo --</subfield>
    <subfield code="t">Prosperidad agr&#xED;cola y bienestar econ&#xF3;mico --</subfield>
    <subfield code="t">Personalidad jur&#xED;dica internacional de la Rep&#xFA;blica Dominicana --</subfield>
    <subfield code="t">Doctrina Trujillo sobre la intervenci&#xF3;n a distancia --</subfield>
    <subfield code="t">La frontera inmutable --</subfield>
    <subfield code="t">Exaltecimiento de la Hispanidad --</subfield>
    <subfield code="t">El concordato -Trujillo, l&#xED;der cat&#xF3;lico y anticomunista --</subfield>
    <subfield code="t">El Maestro y el Disc&#xED;pulo --</subfield>
    <subfield code="t">La Feria de la Paz y Confraternidad del Mundo Libre --</subfield>
    <subfield code="t">Trascendental discurso de inauguraci&#xF3;n del General&#xED;simo Trujillo.</subfield>
  </datafield>
  <datafield tag="600" ind1="1" ind2="0">
    <subfield code="a">Molina Trujillo,Rafael Le&#xF3;nidas, </subfield>
    <subfield code="d">1891-1961</subfield>
    <subfield code="x">Pensamiento pol&#xED;tico </subfield>
    <subfield code="9">58656</subfield>
  </datafield>
  <datafield tag="651" ind1=" " ind2="4">
    <subfield code="a">Rep&#xFA;blica Dominicana</subfield>
    <subfield code="x">Pol&#xED;tica Y Gobierno</subfield>
    <subfield code="y">ERA DE TRUJILLO, 1930-1961</subfield>
    <subfield code="9">1374</subfield>
  </datafield>
  <datafield tag="910" ind1=" " ind2=" ">
    <subfield code="a">Validado. Control de calidad EMS.</subfield>
  </datafield>
  <datafield tag="942" ind1=" " ind2=" ">
    <subfield code="2">ddc</subfield>
    <subfield code="c">LBS1</subfield>
  </datafield>
  <datafield tag="952" ind1=" " ind2=" ">
    <subfield code="0">0</subfield>
    <subfield code="1">0</subfield>
    <subfield code="2">ddc</subfield>
    <subfield code="7">1</subfield>
    <subfield code="8">RV</subfield>
    <subfield code="a">PD</subfield>
    <subfield code="b">PD</subfield>
    <subfield code="c">HD</subfield>
    <subfield code="d">2011-08-01</subfield>
    <subfield code="i">LF1</subfield>
    <subfield code="l">0</subfield>
    <subfield code="o">BNPHU PD-RV 923.17293 T866g</subfield>
    <subfield code="p">32881-10</subfield>
    <subfield code="r">2020-06-25</subfield>
    <subfield code="w">2020-06-25</subfield>
    <subfield code="y">NOSEPRESTA</subfield>
    <subfield code="z">Perteneci&#xF3; a la biblioteca personal de Germ&#xE1;n Emilio Ornes.</subfield>
  </datafield>
  <datafield tag="952" ind1=" " ind2=" ">
    <subfield code="0">0</subfield>
    <subfield code="1">0</subfield>
    <subfield code="2">ddc</subfield>
    <subfield code="7">1</subfield>
    <subfield code="8">RV</subfield>
    <subfield code="a">PD</subfield>
    <subfield code="b">PD</subfield>
    <subfield code="c">HD</subfield>
    <subfield code="d">2011-08-01</subfield>
    <subfield code="i">LF1</subfield>
    <subfield code="l">0</subfield>
    <subfield code="o">BNPHU PD-RV 923.17293 T866g</subfield>
    <subfield code="p">32881-20</subfield>
    <subfield code="r">2020-06-25</subfield>
    <subfield code="t">e. 2</subfield>
    <subfield code="w">2020-06-25</subfield>
    <subfield code="y">1</subfield>
    <subfield code="z">Perteneci&#xF3; a la biblioteca personal de Julio Ortega Frier. Autografiado por el autor, dedicado al Dr. Rafael Ortega Pe&#xF1;a.</subfield>
  </datafield>
  <datafield tag="999" ind1=" " ind2=" ">
    <subfield code="c">32372</subfield>
    <subfield code="d">32372</subfield>
  </datafield>
</record>
